[Event "Sachsen-ch U10 Girls"]
[Site "Sebnitz"]
[Date "2013.04.05"]
[Round "5"]
[White "Thalheim, Sara Sophie"]
[Black "Bartscht, Theresa"]
[Result "1-0"]
[WhiteElo "790"]
[BlackElo "758"]
[PlyCount "31"]
[EventDate "2013.04.02"]
[EventType "swiss"]
[EventRounds "7"]
[EventCountry "GER"]
[SourceTitle "EXT 2014"]
[Source "ChessBase"]
[SourceDate "2013.11.20"]
[SourceVersion "1"]
[SourceVersionDate "2013.11.20"]
[SourceQuality "1"]

1. e4 e5 2. Nf3 Nc6 3. Bc4 Nf6 4. Nc3 Bc5 5. d3 0-0 6. Bg5 d6 7. 0-0 Bg4 8. Nd5 Nd4 9. Nxf6+ Kh8 10. Nxg4 f6 11. Be3 Qd7 12. Nh4 Rae8 13. Bxd4 Bxd4 14. Qf3 Bxb2 15. Qh3 Bxa1 16. Ng6# 1-0